000 00829 a2200217 4500
001 59500
005 20260407155849.0
008 260407a1969 arg spa d
003 AR-UNSa-BCEJYS
040 _aAR-UNSa-BCEJYS
_bspa
_cAR-UNSa-BCEJYS
080 _a330.342.21
_xEconomía sin desarrollo. Economía preindustrial. Subdesarrollo
245 1 0 _aPolítica económica de los paises subdesarrollados
264 1 _aMadrid :
_bAguilar
_c1969
300 _axxviii, 327 p.
_c22 cm.
505 _a1. Algunos conceptos preliminares - 2. Factores del desarrollo económico - 3. Aspectos de la política económica de desarrollo - 4. Programación para el desarrollo económico -
041 _aspa
942 _cBK
590 _aniveau_biblio:m niveau_hierar:0
100 1 _aMarrama, Vittorio
700 1 _aFernandez Bujan, Justo
999 _c6706
_d6706